| 000 | 01053cam a22003135a 4500 | ||
|---|---|---|---|
| 001 | 013503646 | ||
| 003 | EG-ScBUE | ||
| 005 | 20220518102216.0 | ||
| 008 | 081127r20132006enka f 001 0 eng d | ||
| 020 | _a9780194579803 (pbk.) | ||
| 020 | _a9780194579810 (CD with book) | ||
| 040 |
_aStDuBDS _beng _erda _cStDuBDS _dEG-ScBUE |
||
| 082 | 0 | 4 |
_a428.24 _bEAS _222 |
| 100 | 1 |
_aEastwood, John, _d1945- _eauthor. |
|
| 245 | 1 | 0 |
_aOxford practice grammar : _bintermediate : with answers / _cJohn Eastwood. |
| 250 | _aReprinted edition. | ||
| 264 | 1 |
_aOxford : _bOxford University Press, _c2013. |
|
| 300 |
_aix, 439 pages : _bcolor illustrations ; _c28 cm |
||
| 336 |
_2rdacontent _atext _btxt |
||
| 337 |
_2rdamedia _aunmediated _bn |
||
| 338 |
_2rdacarrier _avolume _bnc |
||
| 500 | _aIncludes index. | ||
| 650 | 7 |
_aEnglish language _vTextbooks for foreign speakers. _2BUEsh |
|
| 650 | 7 |
_aEnglish language _xGrammar _vProblems, exercises, etc. _2BUEsh |
|
| 651 | _2BUEsh | ||
| 653 |
_bHHUUEENN _cMay2019 |
||
| 655 |
_vReading book _934232 |
||
| 942 |
_2ddc _cBB |
||
| 999 |
_c27457 _d27428 |
||